[Event "Open Portugal 2019"]
[Site "Lisboa POR"]
[Date "2019.02.04"]
[Round "4.62"]
[White "Woithe, Daniel"]
[Black "Newrkla, Katharina"]
[Result "1/2-1/2"]
[WhiteElo "1921"]
[BlackElo "2180"]
[WhiteFideId "16244648"]
[BlackFideId "1621629"]
[BlackTitle "WIM"]
[WhiteCountry "GER"]
[BlackCountry "AUT"]
[PlyCount "79"]
[EventDate "2019.02.02"]

1. e4 e5 2. Nf3 Nc6 3. Bc4 Nf6 4. d3 Be7 5. O-O O-O 6. c3 d6 7. a4 Na5 8. Ba2 c5
9. Na3 h6 10. Nc2 Nc6 11. Ne3 Be6 12. Nd5 Bxd5 13. exd5 Nb8 14. Re1 Re8 15. d4
cxd4 16. cxd4 e4 17. Nd2 Bf8 18. Bb1 Na6 19. Nxe4 Nxd5 20. Nc3 Rxe1+ 21. Qxe1
Nf6 22. Bf4 Qb6 23. Qd2 Nb4 24. d5 a5 25. Bf5 g6 26. Bxh6 Bxh6 27. Qxh6 Qd4 28.
Rd1 Qe5 29. Bb1 Re8 30. h3 Nbxd5 31. Ba2 Nf4 32. g3 Ne6 33. Qd2 Qf5 34. Bxe6
Rxe6 35. Kg2 Kg7 36. Qd4 Qe5 37. Qb6 Ne4 38. Qxb7 Nxc3 39. bxc3 Qxc3 40. Qd5
1/2-1/2

[Event "Open Portugal 2019"]
[Site "Lisboa POR"]
[Date "2019.02.04"]
[Round "4.63"]
[White "Fanha, Paulo"]
[Black "Poysti, Nathanael"]
[Result "1/2-1/2"]
[WhiteElo "1884"]
[BlackElo "2172"]
[WhiteFideId "1902148"]
[BlackFideId "24622133"]
[WhiteTitle "CM"]
[WhiteCountry "POR"]
[BlackCountry "GER"]
[PlyCount "144"]
[EventDate "2019.02.02"]

1. e4 c5 2. a3 Nc6 3. b4 Nf6 4. b5 Nd4 5. c3 Ne6 6. e5 Nd5 7. Bc4 Nb6 8. Bxe6
dxe6 9. Nf3 Bd7 10. Qe2 a6 11. bxa6 bxa6 12. d3 g6 13. h4 h6 14. Nbd2 Bg7 15.
Ne4 Qc7 16. c4 Na4 17. Bf4 Bc6 18. O-O O-O 19. Qe3 Bxe4 20. Qxe4 Rab8 21. Qe3 h5
22. Bh6 Rfd8 23. Bxg7 Kxg7 24. Rab1 Nb2 25. Qe4 Nxd3 26. Rfd1 Nb2 27. Rxd8 Qxd8
28. Qc2 Qb6 29. Nd2 a5 30. f4 Kf8 31. Kh2 Ke8 32. Kh3 Kd7 33. Kh2 Kc7 34. Kh3
Rb7 35. Kh2 Kb8 36. Kh3 Ka7 37. Kh2 Kb8 38. Kh3 Kc8 39. Kh2 Kd8 40. Kh3 Ke8 41.
Kh2 Kf8 42. Kh3 Kg7 43. Kh2 f6 44. Ne4 f5 45. Ng5 Kh6 46. Qd2 Kg7 47. Qd8 Qxd8
48. Nxe6+ Kg8 49. Nxd8 Rb6 50. Nc6 Nxc4 51. Nxe7+ Kf7 52. Rxb6 Nxb6 53. Nc6 a4
54. Kg3 Nc4 55. Nd8+ Ke7 56. Nb7 Nxa3 57. Nxc5 Nb5 58. Nxa4 Ke6 59. Kf2 Kd5 60.
Ke3 Na3 61. Kd3 Nc4 62. Nc3+ Kc5 63. Ne2 Kd5 64. Nc3+ Kc5 65. Ke2 Nb6 66. Ke3
Nc4+ 67. Kf2 Nb6 68. Kf3 Kc4 69. Na4 Nd5 70. e6 Ne7 71. Nb6+ Kd4 72. Nd7 Kd3
1/2-1/2

[Event "Open Portugal 2019"]
[Site "Lisboa POR"]
[Date "2019.02.04"]
[Round "4.64"]
[White "Hill, Alistair"]
[Black "Nikula, Mikko"]
[Result "1-0"]
[WhiteElo "2152"]
[BlackElo "1889"]
[WhiteFideId "432407"]
[BlackFideId "505277"]
[WhiteCountry "ENG"]
[BlackCountry "FIN"]
[PlyCount "97"]
[EventDate "2019.02.02"]

1. d4 Nf6 2. c4 e6 3. Nf3 b6 4. g3 Bb7 5. Bg2 Bb4+ 6. Bd2 a5 7. O-O O-O 8. a3
Be7 9. Qc2 Be4 10. Qc1 d6 11. Nc3 Bb7 12. Qc2 Nbd7 13. Rfd1 Qc8 14. e4 e5 15.
Bh3 Qe8 16. Nd5 Bd8 17. dxe5 Nxe5 18. Nxe5 dxe5 19. Bc3 c6 20. Ne3 g6 21. Rd2
Bc7 22. Rad1 Rd8 23. Ng4 Nxg4 24. Bxg4 Rxd2 25. Qxd2 Qe7 26. Qd7 Re8 27. Bd2
Qxd7 28. Bxd7 Rb8 29. Bh6 c5 30. f3 Bc8 31. Kf2 Bxd7 32. Rxd7 Bd8 33. h4 Bf6 34.
Rd5 Rd8 35. a4 Rxd5 36. cxd5 Bd8 37. Ke3 f5 38. Kd3 Kf7 39. Kc4 Ke8 40. Bg5 Bc7
41. Kb5 Kd7 42. g4 fxe4 43. fxe4 Kd6 44. Bf6 Kd7 45. h5 Kd6 46. Ka6 gxh5 47.
gxh5 Kd7 48. Kb7 Kd6 49. Bxe5+ 1-0

[Event "Open Portugal 2019"]
[Site "Lisboa POR"]
[Date "2019.02.04"]
[Round "4.65"]
[White "Pérez García, Roberto"]
[Black "Castanheira, António"]
[Result "1-0"]
[WhiteElo "2141"]
[BlackElo "1875"]
[WhiteFideId "2217708"]
[BlackFideId "1901788"]
[WhiteCountry "ESP"]
[BlackCountry "POR"]
[PlyCount "87"]
[EventDate "2019.02.02"]

1. d4 d5 2. c4 c6 3. Nf3 Nf6 4. Nc3 a6 5. e3 dxc4 6. Bxc4 b5 7. Bb3 Bb7 8. O-O
e6 9. Qe2 Be7 10. Rd1 O-O 11. e4 Qc7 12. e5 Nd5 13. Nxd5 cxd5 14. Bg5 Nc6 15.
Rac1 Qd7 16. Bc2 Rfc8 17. Qd3 g6 18. Qe3 Rc7 19. h4 Rac8 20. Bb1 Na5 21. Rxc7
Rxc7 22. b3 b4 23. Qf4 Qd8 24. h5 Bxg5 25. Nxg5 h6 26. Nxe6 fxe6 27. Qxh6 Qe8
28. Bxg6 Qf8 29. Qg5 Rc3 30. Bf5+ Kh8 31. Bxe6 Nc6 32. Bxd5 Nd8 33. Bxb7 Nxb7
34. d5 Nc5 35. e6 Ne4 36. Qe5+ Nf6 37. e7 Qg7 38. Qxf6 Qxf6 39. e8=Q+ Kg7 40. d6
Rc2 41. Qg6+ Qxg6 42. hxg6 Rc8 43. d7 Rd8 44. Rd6 1-0

[Event "Open Portugal 2019"]
[Site "Lisboa POR"]
[Date "2019.02.04"]
[Round "4.66"]
[White "Dias, Ricardo"]
[Black "Quintino, Luís"]
[Result "1-0"]
[WhiteElo "2128"]
[BlackElo "1868"]
[WhiteFideId "1930060"]
[BlackFideId "1904086"]
[WhiteCountry "POR"]
[BlackCountry "POR"]
[PlyCount "61"]
[EventDate "2019.02.02"]

1. e4 e6 2. d4 d5 3. Nd2 Nf6 4. e5 Nfd7 5. Bd3 c5 6. c3 Nc6 7. Ne2 Qb6 8. Nf3 f6
9. exf6 Nxf6 10. O-O Bd6 11. dxc5 Qxc5 12. Ned4 e5 13. Nxc6 bxc6 14. Nxe5 Bxe5
15. Qe2 O-O 16. Qxe5 Bd7 17. b4 Qb6 18. Be3 Qb8 19. Qxb8 Rfxb8 20. Bd4 a5 21. a3
h6 22. Rfe1 axb4 23. axb4 Kf7 24. Ra5 Rxa5 25. bxa5 Ra8 26. a6 Bc8 27. a7 Nd7
28. Ra1 c5 29. Be3 Ne5 30. Be2 Nd7 31. Bb5 1-0

[Event "Open Portugal 2019"]
[Site "Lisboa POR"]
[Date "2019.02.04"]
[Round "4.67"]
[White "Pirola, Claudionor"]
[Black "Gonçalves, Gabriel"]
[Result "1-0"]
[WhiteElo "2113"]
[BlackElo "1845"]
[WhiteFideId "2130556"]
[BlackFideId "1945610"]
[WhiteCountry "BRA"]
[BlackCountry "POR"]
[PlyCount "77"]
[EventDate "2019.02.02"]

1. e4 e5 2. Nf3 Nc6 3. Bb5 a6 4. Ba4 Nf6 5. O-O Be7 6. Re1 b5 7. Bb3 O-O 8. c3
d5 9. exd5 Nxd5 10. Nxe5 Nxe5 11. Rxe5 c6 12. d3 Bd6 13. Re1 Bf5 14. Qf3 Re8 15.
Rxe8+ Qxe8 16. Nd2 Qe1+ 17. Nf1 Bg6 18. g3 Nf6 19. Bd1 Re8 20. Bd2 Qe6 21. Bb3
Qd7 22. a4 Bh5 23. Qg2 Qf5 24. Bd1 Re2 25. Bxe2 Bxe2 26. Qxc6 Bf8 27. axb5 Bf3
28. Ne3 Qh5 29. Qc8 Ng4 30. h4 Nxe3 31. Bxe3 Bd5 32. Bc5 h6 33. Qxf8+ Kh7 34. c4
Bb7 35. bxa6 Bc6 36. Qd6 Qf3 37. Qxc6 Qxc6 38. a7 Qa8 39. b4 1-0

[Event "Open Portugal 2019"]
[Site "Lisboa POR"]
[Date "2019.02.04"]
[Round "4.68"]
[White "Bertola, Georges"]
[Black "Hestvik, Elias"]
[Result "1/2-1/2"]
[WhiteElo "2101"]
[BlackElo "1825"]
[WhiteFideId "1307967"]
[BlackFideId "1534904"]
[WhiteCountry "SUI"]
[BlackCountry "NOR"]
[PlyCount "27"]
[EventDate "2019.02.02"]

1. e4 e5 2. Bc4 Nf6 3. d3 Bc5 4. Nf3 Nc6 5. c3 d6 6. Bb3 O-O 7. O-O Bg4 8. Bg5
Qe7 9. Nbd2 Nd8 10. a4 a6 11. h3 Bh5 12. d4 Ba7 13. g4 Bg6 14. d5 1/2-1/2

[Event "Open Portugal 2019"]
[Site "Lisboa POR"]
[Date "2019.02.04"]
[Round "4.69"]
[White "Huse, Sigurd"]
[Black "Selva Salvador, Antonio"]
[Result "1-0"]
[WhiteElo "2080"]
[BlackElo "1825"]
[WhiteFideId "1520717"]
[BlackFideId "2223821"]
[WhiteCountry "NOR"]
[BlackCountry "ESP"]
[PlyCount "89"]
[EventDate "2019.02.02"]

1. e4 e5 2. Nf3 f5 3. Nxe5 Nf6 4. exf5 d6 5. Nf3 Bxf5 6. d4 d5 7. Nc3 c6 8. a3
Bd6 9. Bd3 Qe7+ 10. Be3 Bg4 11. Be2 O-O 12. O-O Qc7 13. h3 Bh5 14. Ng5 Bxe2 15.
Qxe2 Re8 16. Qd2 Nbd7 17. Rae1 Nf8 18. Qd3 b5 19. Bd2 a5 20. Nd1 h6 21. Nf3 Ne4
22. Ne3 Qf7 23. Ng4 Nxd2 24. Qxd2 Ng6 25. Nge5 Nxe5 26. Nxe5 Qc7 27. f4 Re7 28.
Qd3 Rae8 29. c3 Qb7 30. b4 a4 31. Re3 Qc7 32. Rg3 Re6 33. Rg4 Rf8 34. Rf3 Bxe5
35. dxe5 Rf7 36. Kh2 Kf8 37. Rg6 Rxg6 38. Qxg6 Kg8 39. Kh1 c5 40. bxc5 Qxc5 41.
e6 Rf6 42. Qe8+ Kh7 43. Qd7 Rf8 44. e7 Qc8 45. exf8=Q 1-0

[Event "Open Portugal 2019"]
[Site "Lisboa POR"]
[Date "2019.02.04"]
[Round "4.70"]
[White "Næss, Sara"]
[Black "Fernandes, Alberto"]
[Result "0-1"]
[WhiteElo "1815"]
[BlackElo "2072"]
[WhiteFideId "1516191"]
[BlackFideId "1900277"]
[BlackTitle "NM"]
[WhiteCountry "NOR"]
[BlackCountry "POR"]
[PlyCount "74"]
[EventDate "2019.02.02"]

1. e4 e5 2. Nf3 Nc6 3. Bb5 a6 4. Ba4 Nf6 5. O-O Be7 6. Re1 b5 7. Bb3 d6 8. c3
O-O 9. h3 Na5 10. Bc2 c5 11. d4 Nd7 12. Nbd2 cxd4 13. cxd4 Nc6 14. Nb3 a5 15.
Be3 Nb4 16. a3 Nxc2 17. Qxc2 a4 18. Nc1 Bb7 19. d5 f5 20. exf5 Bxd5 21. Nd2 Rc8
22. Qd3 Ba8 23. Qxb5 Bc6 24. Qd3 d5 25. f3 Nc5 26. Bxc5 Bxc5+ 27. Kh1 Bd6 28.
Na2 Bb8 29. Nb4 Ba8 30. Qa6 Bd6 31. Qxa4 Rxf5 32. Rad1 e4 33. fxe4 Rf2 34. e5
Qg5 35. g4 Qf4 36. Nf1 Qf3+ 37. Kg1 Qg2# 0-1

[Event "Open Portugal 2019"]
[Site "Lisboa POR"]
[Date "2019.02.04"]
[Round "4.71"]
[White "Santos, Ana P"]
[Black "Fernández Montero, Francisco M."]
[Result "0-1"]
[WhiteElo "1563"]
[BlackElo "2070"]
[WhiteFideId "1921550"]
[BlackFideId "2230666"]
[WhiteCountry "POR"]
[BlackCountry "ESP"]
[PlyCount "116"]
[EventDate "2019.02.02"]

1. e4 c5 2. Nf3 Nc6 3. d4 cxd4 4. Nxd4 e5 5. Nb3 Nf6 6. Nc3 Bb4 7. Bg5 h6 8. Bh4
g5 9. Bg3 Nxe4 10. Qf3 d5 11. O-O-O Bxc3 12. bxc3 Be6 13. Bc4 Qf6 14. Bb5 Qxf3
15. gxf3 Nxg3 16. hxg3 Rd8 17. Nc5 Bc8 18. Rd2 Kf8 19. Rhd1 Ne7 20. Nd3 f6 21.
Nb4 Be6 22. Ba4 a5 23. Nd3 Rc8 24. Kb2 Kf7 25. Nc1 Rc5 26. Nb3 Rc4 27. Bb5 Rc7
28. Nxa5 Rhc8 29. Rd3 d4 30. c4 b6 31. Nb3 Bxc4 32. Bxc4+ Rxc4 33. R3d2 Nd5 34.
a3 Rc3 35. f4 gxf4 36. gxf4 Nxf4 37. Nc1 Ra8 38. Nb3 Rg8 39. Nxd4 exd4 40. Rxd4
Rf3 41. Rd7+ Ke6 42. R1d6+ Ke5 43. Rxb6 Rxf2 44. Re7+ Kf5 45. Rb5+ Kg4 46. Rc7
Nd3+ 47. Kb3 Ne5 48. a4 Rf1 49. Kb2 Rf4 50. Kb3 Ra8 51. a5 h5 52. c4 h4 53. c5
Ra6 54. Rg7+ Kf3 55. Rg1 h3 56. Rf1+ Kg3 57. Rc1 h2 58. Kc3 Rc4+ 0-1

[Event "Open Portugal 2019"]
[Site "Lisboa POR"]
[Date "2019.02.04"]
[Round "4.72"]
[White "Harshal, Shahi"]
[Black "Elias, Rúben"]
[Result "1-0"]
[WhiteElo "2064"]
[BlackElo "1797"]
[WhiteFideId "5048257"]
[BlackFideId "1906453"]
[WhiteTitle "FM"]
[WhiteCountry "IND"]
[BlackCountry "POR"]
[PlyCount "69"]
[EventDate "2019.02.02"]

1. e4 e5 2. Nf3 Nc6 3. Bc4 Bc5 4. c3 Nf6 5. d3 d6 6. Bb3 h6 7. Nbd2 O-O 8. O-O
Bg4 9. h3 Bh5 10. Re1 Re8 11. Nf1 d5 12. Qe2 dxe4 13. dxe4 Qe7 14. Ng3 Bg6 15.
Nh4 Bh7 16. Qf3 Nd7 17. Nhf5 Bxf5 18. Nxf5 Qf6 19. Rd1 Rad8 20. Bd5 a5 21. g4
Kh8 22. g5 Qg6 23. Nh4 Qh7 24. Bxf7 Rf8 25. g6 Qg8 26. Bxg8 Rxf3 27. Nxf3 Kxg8
28. Nh4 Nf8 29. Rxd8 Nxd8 30. Be3 Be7 31. Nf5 Nxg6 32. Rd1 Bf6 33. b3 Nf4 34.
Bxf4 exf4 35. e5 1-0

[Event "Open Portugal 2019"]
[Site "Lisboa POR"]
[Date "2019.02.04"]
[Round "4.73"]
[White "Fernández Vallejo, Luis"]
[Black "Cordeiro, João"]
[Result "1-0"]
[WhiteElo "2063"]
[BlackElo "1745"]
[WhiteFideId "2296853"]
[BlackFideId "1935291"]
[WhiteCountry "ESP"]
[BlackCountry "POR"]
[PlyCount "115"]
[EventDate "2019.02.02"]

1. e4 e5 2. Nf3 Nc6 3. Bc4 Bc5 4. c3 Nf6 5. d4 exd4 6. cxd4 Bb4+ 7. Bd2 Bxd2+ 8.
Nbxd2 d6 9. h3 O-O 10. O-O h6 11. Rc1 Ne7 12. Bd3 c6 13. Re1 Be6 14. a3 Ng6 15.
Bf1 Nh7 16. Nc4 d5 17. Nce5 dxe4 18. Rxe4 Ng5 19. Nxg5 Qxg5 20. Re3 Nxe5 21.
dxe5 Rad8 22. Qe1 Rd4 23. Rd1 Rfd8 24. Rxd4 Rxd4 25. Be2 Bd5 26. Bf3 Bxf3 27.
Rxf3 Qd2 28. Qxd2 Rxd2 29. Rb3 b6 30. f4 Rd4 31. Rf3 Kf8 32. Kh2 Ke7 33. Kg3 c5
34. Re3 Ke6 35. Kf3 Rd2 36. b4 c4 37. g4 g6 38. Ke4 Ke7 39. b5 Rb2 40. Rc3 Rxb5
41. Rxc4 Ra5 42. a4 a6 43. f5 gxf5+ 44. gxf5 Kd7 45. Rd4+ Ke7 46. f6+ Ke8 47.
Rb4 b5 48. axb5 Rxb5 49. Rd4 a5 50. Kf5 Rc5 51. Rh4 Rb5 52. Rxh6 a4 53. Rh8+ Kd7
54. Rf8 Ra5 55. Rxf7+ Ke8 56. Rc7 a3 57. f7+ Kf8 58. Kf6 1-0

[Event "Open Portugal 2019"]
[Site "Lisboa POR"]
[Date "2019.02.04"]
[Round "4.74"]
[White "Darnell, Anton"]
[Black "Skjølingstad, Sverre"]
[Result "1-0"]
[WhiteElo "2039"]
[BlackElo "1782"]
[WhiteFideId "1720244"]
[BlackFideId "1519913"]
[WhiteCountry "SWE"]
[BlackCountry "NOR"]
[PlyCount "57"]
[EventDate "2019.02.02"]

1. d4 Nf6 2. c4 c5 3. d5 b5 4. cxb5 a6 5. e3 axb5 6. Bxb5 Qa5+ 7. Nc3 Ba6 8.
Bxa6 Nxa6 9. Nf3 e6 10. O-O d6 11. e4 exd5 12. exd5 Be7 13. Qe2 Ra7 14. Nb5 Rd7
15. Bd2 Qb6 16. Bc3 O-O 17. Rad1 Rb8 18. a4 Nc7 19. Nxc7 Rxc7 20. Rfe1 Qb3 21.
Bxf6 gxf6 22. Nh4 Qxa4 23. Nf5 Bf8 24. Rd3 Qf4 25. Rf3 Qe5 26. Qd1 Qxb2 27. Rg3+
Kh8 28. Qg4 Bh6 29. Nxh6 1-0

[Event "Open Portugal 2019"]
[Site "Lisboa POR"]
[Date "2019.02.04"]
[Round "4.75"]
[White "Soares, Luís"]
[Black "Funk, Matthias"]
[Result "1/2-1/2"]
[WhiteElo "2036"]
[BlackElo "1492"]
[WhiteFideId "1904124"]
[BlackFideId "1901990"]
[WhiteCountry "POR"]
[BlackCountry "POR"]
[PlyCount "102"]
[EventDate "2019.02.02"]

1. d4 e6 2. c4 Nf6 3. Nc3 Bb4 4. Qc2 Nc6 5. Nf3 d5 6. e3 O-O 7. Bd3 a6 8. O-O
Ne7 9. Ne2 Ng6 10. c5 c6 11. Nf4 Nxf4 12. exf4 h6 13. Ne5 Ba5 14. Kh1 Kh8 15.
Qe2 Bc7 16. g4 Ng8 17. g5 Bxe5 18. fxe5 g6 19. Rg1 h5 20. Rg3 Ne7 21. Bd2 Nf5
22. Bxf5 exf5 23. Rb3 Kg7 24. Rg1 h4 25. Bf4 Qc7 26. Rh3 Rh8 27. Qe1 Be6 28. f3
b6 29. b4 bxc5 30. bxc5 Qb7 31. Rxh4 Rxh4 32. Qxh4 Rh8 33. Qf2 Qb5 34. Rc1 Qd3
35. Qe3 Qxe3 36. Bxe3 Rb8 37. Rc2 a5 38. Bd2 a4 39. Ba5 Rb1+ 40. Kg2 Bc8 41. Kg3
Ba6 42. Kf4 Rd1 43. e6 fxe6 44. Ke5 Kf7 45. Rb2 Bb5 46. Kd6 Rxd4 47. Kd7 Rc4 48.
Rxb5 cxb5 49. c6 b4 50. c7 b3 51. axb3 axb3 1/2-1/2

[Event "Open Portugal 2019"]
[Site "Lisboa POR"]
[Date "2019.02.04"]
[Round "4.77"]
[White "Costa, Fábio"]
[Black "Golecki, Jan"]
[Result "0-1"]
[WhiteElo "1279"]
[BlackElo "2018"]
[WhiteFideId "1961063"]
[BlackFideId "1184008"]
[WhiteCountry "POR"]
[BlackCountry "POL"]
[PlyCount "122"]
[EventDate "2019.02.02"]

1. d4 d5 2. Bf4 Nf6 3. e3 e6 4. Nd2 Bd6 5. Bg3 b6 6. Ngf3 O-O 7. Bd3 c5 8. c3
Bb7 9. O-O Qe7 10. Ne5 Nc6 11. Re1 Nd7 12. Nxd7 Qxd7 13. Qc2 h6 14. Nf3 Rac8 15.
Qe2 Rfe8 16. dxc5 Bxc5 17. Ne5 Nxe5 18. Bxe5 Bd6 19. Bxd6 Qxd6 20. e4 d4 21.
cxd4 Qxd4 22. Red1 Red8 23. e5 Qf4 24. g3 Qf3 25. Qxf3 Bxf3 26. Rd2 Rd5 27. Re1
Bh5 28. Rc2 Rxc2 29. Bxc2 Rd2 30. Rc1 Bf3 31. Bb1 g6 32. Bc2 Rd5 33. Re1 Rd2 34.
Rc1 Re2 35. Kf1 Rxe5 36. Bd1 Bxd1 37. Rxd1 Rd5 38. Rc1 Rd2 39. Rc7 a6 40. Ra7 a5
41. b3 Rxa2 42. Rb7 Rb2 43. Rxb6 a4 44. Kg2 Rxb3 45. Ra6 Rb4 46. Ra7 Kg7 47. Ra6
Kf6 48. Ra7 g5 49. Kh3 h5 50. Kg2 g4 51. h3 Kg6 52. h4 Re4 53. Ra5 f6 54. Ra8 f5
55. Rg8+ Kf6 56. Ra8 Rb4 57. Ra7 Ke5 58. Ra8 Rc4 59. Ra7 Kd4 60. Ra6 Kc3 61.
Rxe6 a3 0-1

[Event "Open Portugal 2019"]
[Site "Lisboa POR"]
[Date "2019.02.04"]
[Round "4.78"]
[White "Ranaldi, Lucas"]
[Black "Fielding, Michael"]
[Result "1-0"]
[WhiteElo "2229"]
[BlackElo "1791"]
[WhiteFideId "1519484"]
[BlackFideId "447269"]
[WhiteTitle "FM"]
[WhiteCountry "NOR"]
[BlackCountry "ENG"]
[PlyCount "121"]
[EventDate "2019.02.02"]

1. d4 f5 2. Nc3 d5 3. Bg5 Nf6 4. Bxf6 exf6 5. e3 Bb4 6. Nge2 Be6 7. a3 Ba5 8. b4
Bb6 9. Nf4 Bf7 10. Bd3 g6 11. h4 c6 12. h5 g5 13. Nfe2 Be6 14. Na4 Bc7 15. Nc5
Qc8 16. Ng3 f4 17. exf4 Bxf4 18. Qe2 Kf7 19. Nxe6 Qxe6 20. Bg6+ Ke7 21. Bf5
Qxe2+ 22. Nxe2 Bd6 23. h6 Na6 24. Kd2 Nc7 25. c3 Kf7 26. a4 a6 27. a5 Rae8 28.
g3 Ne6 29. Nc1 Nf8 30. Nd3 Ng6 31. Rae1 Ne7 32. Bd7 Rd8 33. Be6+ Kg6 34. Nc5 Rb8
35. Bg4 Bxc5 36. bxc5 Kf7 37. Re2 Rhd8 38. Rhe1 Ng8 39. Be6+ Kg6 40. Bxg8 Rxg8
41. Re7 Rgf8 42. Rg7+ Kxh6 43. Ree7 Rh8 44. g4 Rbg8 45. Rxg8 Rxg8 46. Rxb7 Rc8
47. Ra7 Kg6 48. Rxa6 f5 49. c4 fxg4 50. cxd5 Kf5 51. Rxc6 Rb8 52. Rb6 Ra8 53. d6
Ke6 54. a6 h5 55. Ke3 h4 56. Ke4 h3 57. d5+ Kd7 58. Rb7+ Kd8 59. Rh7 Rxa6 60. c6
Ke8 61. c7 1-0

[Event "Open Portugal 2019"]
[Site "Lisboa POR"]
[Date "2019.02.04"]
[Round "4.79"]
[White "Iasman, Inna"]
[Black "Boucquet, Emile"]
[Result "0-1"]
[WhiteElo "1802"]
[BlackElo "2213"]
[WhiteFideId "24125563"]
[BlackFideId "233161"]
[WhiteCountry "FRA"]
[BlackCountry "BEL"]
[PlyCount "92"]
[EventDate "2019.02.02"]

1. d4 d5 2. c4 e6 3. Nf3 Nf6 4. Bg5 Be7 5. Nc3 O-O 6. e3 Nbd7 7. Rc1 b6 8. Bd3
Bb7 9. O-O a6 10. cxd5 exd5 11. Bf5 h6 12. Bf4 c5 13. Ne5 Nxe5 14. Bxe5 g6 15.
Bb1 c4 16. Qf3 b5 17. Qf4 Kh7 18. g4 Rc8 19. Qf3 b4 20. Ne2 Ne4 21. Rfd1 Bh4 22.
Ng3 Bxg3 23. hxg3 f6 24. Bf4 g5 25. Kg2 Kg7 26. Rh1 Qd7 27. Bc2 Qe6 28. Qe2 gxf4
29. gxf4 f5 30. f3 Nd6 31. g5 hxg5 32. fxg5 Rh8 33. f4 Rce8 34. Kf2 Ne4+ 35. Kf3
Qg6 36. Qg2 Rh5 37. Bxe4 dxe4+ 38. Kf2 Bd5 39. Rxh5 Qxh5 40. Rh1 Qf3+ 41. Qxf3
exf3 42. Rh6 c3 43. bxc3 bxc3 44. Rxa6 c2 45. Ra7+ Kg8 46. Rc7 Be4 0-1

[Event "Open Portugal 2019"]
[Site "Lisboa POR"]
[Date "2019.02.04"]
[Round "4.80"]
[White "Real, Thibault"]
[Black "Costa, Américo"]
[Result "1-0"]
[WhiteElo "2211"]
[BlackElo "1755"]
[WhiteFideId "205559"]
[BlackFideId "1903373"]
[WhiteCountry "BEL"]
[BlackCountry "POR"]
[PlyCount "81"]
[EventDate "2019.02.02"]

1. d4 d5 2. Bf4 c6 3. e3 f5 4. h3 Nf6 5. Be2 e6 6. g4 Bd6 7. g5 Ne4 8. Nf3 Qc7
9. Bxd6 Qxd6 10. Nbd2 O-O 11. Bd3 Nd7 12. Qe2 Nxd2 13. Nxd2 e5 14. dxe5 Nxe5 15.
f4 Ng6 16. O-O-O Bd7 17. Kb1 Rae8 18. Qf2 c5 19. h4 Bc6 20. h5 Ne7 21. Rh2 b5
22. c4 bxc4 23. Nxc4 dxc4 24. Bxc4+ Bd5 25. Qf3 Rd8 26. Rhd2 Kh8 27. Bxd5 Qb6
28. h6 gxh6 29. gxh6 Qxh6 30. Rh1 Qg7 31. Rg2 Ng6 32. Bc4 Rd6 33. Rgh2 Rfd8 34.
Qh5 R8d7 35. Qxf5 Rd1+ 36. Rxd1 Rxd1+ 37. Kc2 Rg1 38. Rd2 h6 39. Rd8+ Kh7 40.
Rd7 Rg2+ 41. Kd3 1-0

[Event "Open Portugal 2019"]
[Site "Lisboa POR"]
[Date "2019.02.04"]
[Round "4.81"]
[White "García Ortega, Manuel"]
[Black "Lindbøl, Aleksander"]
[Result "0-1"]
[WhiteElo "1785"]
[BlackElo "2190"]
[WhiteFideId "2227533"]
[BlackFideId "1520644"]
[WhiteCountry "ESP"]
[BlackCountry "NOR"]
[PlyCount "54"]
[EventDate "2019.02.02"]

1. e4 c5 2. Nf3 Nc6 3. d4 cxd4 4. Nxd4 Nf6 5. Nc3 e5 6. Ndb5 d6 7. Bg5 a6 8.
Bxf6 gxf6 9. Na3 b5 10. Naxb5 axb5 11. Bxb5 Bb7 12. Qh5 Bg7 13. O-O-O O-O 14.
Rd3 Nd4 15. Rh3 h6 16. b3 Qe7 17. Rd1 d5 18. exd5 f5 19. f4 exf4 20. Rxd4 Bxd4
21. Qxh6 Rfe8 22. d6 Qf6 23. Qh7+ Kf8 24. Ne2 Rxa2 25. d7 Be3+ 26. Rxe3 Ra1+ 27.
Kd2 fxe3+ 0-1

[Event "Open Portugal 2019"]
[Site "Lisboa POR"]
[Date "2019.02.04"]
[Round "4.82"]
[White "Le Gall, Eric"]
[Black "Saltvedt, Martin"]
[Result "1/2-1/2"]
[WhiteElo "1758"]
[BlackElo "2095"]
[WhiteFideId "636690"]
[BlackFideId "1518500"]
[WhiteCountry "FRA"]
[BlackCountry "NOR"]
[PlyCount "42"]
[EventDate "2019.02.02"]

1. e4 c5 2. c3 Nf6 3. e5 Nd5 4. d4 cxd4 5. Nf3 Nc6 6. Bc4 Nb6 7. Bb3 d6 8. exd6
Qxd6 9. cxd4 g6 10. Nc3 Bg7 11. Be3 O-O 12. Qd2 Bg4 13. Bf4 Qd8 14. Ne5 Nxe5 15.
Bxe5 Bxe5 16. dxe5 Qxd2+ 17. Kxd2 Rfd8+ 18. Ke3 a5 19. a4 Rac8 20. f3 Bd7 21.
Rhd1 Nc4+ 1/2-1/2

[Event "Open Portugal 2019"]
[Site "Lisboa POR"]
[Date "2019.02.04"]
[Round "4.83"]
[White "Hodovský, Jiri"]
[Black "Haisma, Henk"]
[Result "1-0"]
[WhiteElo "2094"]
[BlackElo "1727"]
[WhiteFideId "317250"]
[BlackFideId "1038486"]
[WhiteCountry "CZE"]
[BlackCountry "NED"]
[PlyCount "59"]
[EventDate "2019.02.02"]

1. e4 c5 2. c3 d5 3. exd5 Qxd5 4. d4 cxd4 5. cxd4 Nf6 6. Nc3 Qd8 7. Bc4 e6 8.
Nf3 Bb4 9. O-O O-O 10. Bg5 h6 11. Bh4 g5 12. Bg3 Bxc3 13. bxc3 Ne4 14. Qc2 Nxg3
15. fxg3 Nc6 16. Rae1 Qc7 17. Bb3 Na5 18. Ne5 Nxb3 19. axb3 Kg7 20. Rxf7+ Rxf7
21. Qg6+ Kf8 22. Nxf7 Qxc3 23. Rf1 Qe3+ 24. Kh1 Qe2 25. Qxh6+ Ke8 26. Qh8+ Kd7
27. Qd8+ Kc6 28. Qd6+ Kb5 29. Qc5+ Ka6 30. Ra1+ 1-0

[Event "Open Portugal 2019"]
[Site "Lisboa POR"]
[Date "2019.02.04"]
[Round "4.84"]
[White "Calzada Cruz, Osvaldo"]
[Black "Cavaleiro, Daniel"]
[Result "1/2-1/2"]
[WhiteElo "1754"]
[BlackElo "2001"]
[WhiteFideId "3509460"]
[BlackFideId "1904663"]
[WhiteCountry "CUB"]
[BlackCountry "POR"]
[PlyCount "60"]
[EventDate "2019.02.02"]

1. e4 g6 2. d4 d6 3. Nf3 Nf6 4. Nc3 c6 5. Be2 b5 6. e5 dxe5 7. Nxe5 a6 8. Bf3
Bb7 9. a3 Bg7 10. Be3 Nd5 11. Nxd5 cxd5 12. Qd2 h5 13. a4 Nc6 14. Nxc6 Bxc6 15.
O-O bxa4 16. c4 O-O 17. Rfc1 Rb8 18. cxd5 Bxd5 19. Bxd5 Qxd5 20. Rxa4 Qb5 21.
Rca1 Rb6 22. Ra5 Qxb2 23. Qxb2 Rxb2 24. Rxa6 Rb4 25. Rd1 Bxd4 26. Bxd4 Rd8 27.
g3 e5 28. Bxe5 Rxd1+ 29. Kg2 g5 30. Rh6 Kf8 1/2-1/2

[Event "Open Portugal 2019"]
[Site "Lisboa POR"]
[Date "2019.02.04"]
[Round "4.85"]
[White "Silva, Tiago Alexandre"]
[Black "Martins, Diogo"]
[Result "0-1"]
[WhiteElo "1750"]
[BlackElo "1993"]
[WhiteFideId "1935321"]
[BlackFideId "1926934"]
[WhiteCountry "POR"]
[BlackCountry "POR"]
[PlyCount "64"]
[EventDate "2019.02.02"]

1. e4 c5 2. c4 Nc6 3. Nc3 g6 4. g3 Bg7 5. Bg2 d6 6. Nge2 e5 7. d3 Nge7 8. a3 O-O
9. Rb1 Be6 10. b4 b6 11. Nd5 Nd4 12. O-O Qd7 13. Nxe7+ Qxe7 14. Nxd4 cxd4 15. f4
Rab8 16. f5 Bd7 17. Bh3 f6 18. Qf3 b5 19. Bd2 Rfc8 20. Rfc1 Qf8 21. fxg6 Bxh3
22. Qh5 hxg6 23. Qxh3 bxc4 24. Qe6+ Qf7 25. Qxf7+ Kxf7 26. Rxc4 Rxc4 27. dxc4 f5
28. exf5 gxf5 29. Kf2 Ke6 30. b5 Rc8 31. Rc1 e4 32. Ke2 d3+ 0-1